000 00694nam a22002297a 4500
001 87178
003 UA-OsUOA
005 20220501154530.0
007 ta
008 20120915b un ||||| |||| 00| 0 ukr d
040 _aUA-OsUOA
_cUA-OsUOA
_dUA-OsUOA
_bukr
041 _aukr
080 _a82.09(470+571)
090 _a82.09(470+571)
_bБ24
100 _aБарахов В. С.
245 _aЛитературный портрет: истоки, поэтика, жанр
260 _aЛенинград
_bНаука
_c1985
300 _a311 с.
650 7 _a82.09 Літературна критика. Літературні дослідження
_2UDC
942 _cBK
_2udc
955 _a1
999 _c373469
_d373469